Electrical Circuit Analysis-I/ (Record no. 186253)

MARC details
000 -LEADER
fixed length control field 00630nam a22001937a 4500
005 - DATE AND TIME OF LATEST TRANSACTION
control field 20220218161749.0
010 ## - LCCN (DPL NO)
LC control number ENG-131685
020 ## - INTERNATIONAL STANDARD BOOK NUMBER
International Standard Book Number 9788194868767
Terms of availability 361.00
035 ## - SYSTEM CONTROL NUMBER
System control number EN-115217
037 ## - SOURCE OF ACQUISITION
Source of stock number/acquisition DBAD
082 ## - DEWEY DECIMAL CLASSIFICATION NUMBER
Classification number 621.3815
100 ## - MAIN ENTRY--PERSONAL NAME
Personal name Shareef, Sk. Md.
245 ## - TITLE STATEMENT
Title Electrical Circuit Analysis-I/
Statement of responsibility, etc Sk. Md. Shareef, M. Chandra Sekhar
260 ## - PUBLICATION, DISTRIBUTION, ETC. (IMPRINT)
Place of publication, distribution, etc Hyderabad
Name of publisher, distributor, etc Amaravati Publications
Date of publication, distribution, etc 2021
270 ## - ADDRESS
Address # 326/C, III Floor, Surneni Nilayam Near B K Guda Park, S R Nagar
City Hyderabad
Postal code 500038
300 ## - PHYSICAL DESCRIPTION
Extent viii, 368p.
Dimensions 24cm(pbk)
700 ## - ADDED ENTRY--PERSONAL NAME
Personal name Sekhar, M. Chandra
942 ## - ADDED ENTRY ELEMENTS (KOHA)
Source of classification or shelving scheme Dewey Decimal Classification
Item type English Books
Classification part 621.3815
Call number suffix SHA
Holdings
Withdrawn status Lost status Not for loan Collection code Home library Current library Date acquired Source of acquisition Cost, normal purchase price Full call number Barcode Copy number Cost, replacement price Koha item type
      Non-fiction Patel Nagar Patel Nagar 18/02/2022 DBAD/PUB 361.00 621.3815 SHA EN-115217 1 361.00 English Books

© Delhi Public Library
Hit Counter
free hit counter